[Event "FIDE World Rapid-ch Open 2018"]
[White "Popov, Valerij"]
[Black "Sharma, Dinesh K."]
[Site "St. Petersburg"]
[Round "13.72"]
[Annotator "ChessBase"]
[Result "1-0"]
[Date "2018.12.28"]
[WhiteElo "2532"]
[BlackElo "2295"]
[PlyCount "111"]
[TimeControl "900+10"]

1. Nf3 {[%emt 0:0:0]} d5 {[%emt 0:0:0]} 2. c4 {[%emt 0:0:0]} e6 {[%emt 0:0:0]} 3. d4 {[%emt 0:0:0]} c6 {[%emt 0:0:4]} 4. e3 {[%emt 0:0:12]} f5 {[%emt 0:0:3]
} 5. Be2 {[%emt 0:0:22]} Nf6 {[%emt 0:0:2]} 6. 0-0 {[%emt 0:0:0]} Bd6 {[%emt 0:0:2]} 7. b3 {[%emt 0:0:9]} Qe7 {[%emt 0:0:3]} 8. Bb2 {[%emt 0:0:18]} 0-0 {[%emt 0:0:4]} 9. Qc1 {[%emt 0:0:1]} b6 {[%emt 0:0:0]} 10. Ba3 {[%emt 0:0:2]} Bb7 {[%emt 0:0:7]} 11. Bxd6 {[%emt 0:0:4]} Qxd6 {[%emt 0:0:2]} 12. Qa3 {[%emt 0:0:18]} Qxa3 {[%emt 0:0:25]} 13. Nxa3 {[%emt 0:0:2]
} Nbd7 {[%emt 0:0:3]} 14. Rfc1 {[%emt 0:0:24]} Rfc8 {[%emt 0:0:0]} 15. Ng5 {[%emt 0:0:43]} Re8 {[%emt 0:0:21]} 16. Nc2 {[%emt 0:0:55]} h6 {[%emt 0:0:14]} 17. Nf3 {[%emt 0:0:4]} Rec8 {[%emt 0:2:24]} 18. h3 {[%emt 0:1:3]
} Kf7 {[%emt 0:0:9]} 19. Nb4 {[%emt 0:0:42]} Ke7 {[%emt 0:0:0]} 20. Nd3 {[%emt 0:0:25]} Ne4 {[%emt 0:3:20]} 21. Rc2 {[%emt 0:0:46]} dxc4 {[%emt 0:0:30]} 22. bxc4 {[%emt 0:0:6]} c5 {[%emt 0:0:12]} 23. g4 {[%emt 0:0:59]
} cxd4 {[%emt 0:1:24]} 24. exd4 {[%emt 0:0:8]} Nd6 {[%emt 0:0:0]} 25. Rac1 {[%emt 0:0:41]} Be4 {[%emt 0:1:49]} 26. Nd2 {[%emt 0:0:3]} Bc6 {[%emt 0:1:14]} 27. Nb4 {[%emt 0:2:8]} Ba4 {[%emt 0:1:8]} 28. Rc3 {[%emt 0:0:1]
} a5 {[%emt 0:0:11]} 29. Nd3 {[%emt 0:0:1]} Bc6 {[%emt 0:0:0]} 30. Nf4 {[%emt 0:0:41]} g5 {[%emt 0:0:16]} 31. Nxe6 {[%emt 0:1:8]} Kxe6 {[%emt 0:0:7]} 32. d5+ {[%emt 0:0:0]} Bxd5 {[%emt 0:1:42]} 33. cxd5+ {[%emt 0:0:1]} Kf7 {[%emt 0:1:8]} 34. Rc7 {[%emt 0:0:7]} Ke7 {[%emt 0:0:0]} 35. gxf5 {[%emt 0:0:4]} Rxc7 {[%emt 0:0:13]} 36. Rxc7 {[%emt 0:0:1]} Kd8 {[%emt 0:0:7]} 37. Rc6 {[%emt 0:0:7]} Nxf5 {[%emt 0:0:2]} 38. Bg4 {[%emt 0:0:15]
} Ng7 {[%emt 0:0:45]} 39. Rxh6 {[%emt 0:0:9]} Nf8 {[%emt 0:0:0]} 40. Rxb6 {[%emt 0:0:6]} Ne8 {[%emt 0:0:4]} 41. Ne4 {[%emt 0:0:4]} Nd7 {[%emt 0:0:2]} 42. Bxd7 {[%emt 0:0:31]} Kxd7 {[%emt 0:0:2]} 43. Rb7+ {[%emt 0:0:1]
} Kd8 {[%emt 0:0:7]} 44. Nxg5 {[%emt 0:0:5]} Ra6 {[%emt 0:0:0]} 45. a4 {[%emt 0:0:41]} Kc8 {[%emt 0:0:20]} 46. Rb5 {[%emt 0:0:21]} Nc7 {[%emt 0:0:20]} 47. Rc5 {[%emt 0:0:4]} Kd7 {[%emt 0:0:2]} 48. Kg2 {[%emt 0:0:17]
} Ra8 {[%emt 0:0:6]} 49. h4 {[%emt 0:0:12]} Kd6 {[%emt 0:0:0]} 50. Ne4+ {[%emt 0:0:1]} Kd7 {[%emt 0:0:4]} 51. Nf6+ {[%emt 0:0:5]} Kd8 {[%emt 0:0:4]} 52. d6 {[%emt 0:0:7]} Ne6 {[%emt 0:0:9]} 53. Re5 {[%emt 0:0:10]
} Ng7 {[%emt 0:0:1]} 54. Re7 {[%emt 0:0:8]} Ra6 {[%emt 0:0:0]} 55. Rxg7 {[%emt 0:0:2]} Rxd6 {[%emt 0:0:1]} 56. Rd7+ {[%emt 0:0:5]} 1-0

[Event "FIDE World Rapid-ch Open 2018"]
[White "Khismatullin, Denis"]
[Black "Makoveev, Ilya"]
[Site "St. Petersburg"]
[Round "13.73"]
[Annotator "ChessBase"]
[Result "1-0"]
[Date "2018.12.28"]
[WhiteElo "2621"]
[BlackElo "2257"]
[PlyCount "35"]
[TimeControl "900+10"]

1. c4 {[%emt 0:0:31]} e5 {[%emt 0:0:0]} 2. Nc3 {[%emt 0:0:2]} Nf6 {[%emt 0:0:0]
} 3. Nf3 {[%emt 0:0:2]} Nc6 {[%emt 0:0:0]} 4. e3 {[%emt 0:0:0]} Be7 {[%emt 0:2:2]} 5. a3 {[%emt 0:0:52]} 0-0 {[%emt 0:2:52]} 6. b4 {[%emt 0:0:1]
} d5 {[%emt 0:1:47]} 7. cxd5 {[%emt 0:0:33]} Nxd5 {[%emt 0:0:0]} 8. Qc2 {[%emt 0:0:2]} Nxc3 {[%emt 0:2:1]} 9. dxc3 {[%emt 0:0:2]} Be6 {[%emt 0:0:12]} 10. Bd3 {[%emt 0:0:22]} f5 {[%emt 0:2:14]} 11. e4 {[%emt 0:0:0]} g6 {[%emt 0:0:20]} 12. Bh6 {[%emt 0:0:34]} Rf6 {[%emt 0:3:44]} 13. h4 {[%emt 0:0:22]} fxe4 {[%emt 0:1:4]} 14. Bxe4 {[%emt 0:0:4]} Bf5 {[%emt 0:0:2]
} 15. h5 {[%emt 0:2:11]} Qe8 {[%emt 0:0:24]} 16. Ng5 {[%emt 0:0:0]} Bf8 {[%emt 0:0:40]} 17. Qa2+ {[%emt 0:4:7]} Kh8 {[%emt 0:0:11]} 18. Nxh7 {[%emt 0:0:28]} 1-0

[Event "FIDE World Rapid-ch Open 2018"]
[White "Salgado Lopez, Ivan"]
[Black "Makarov, Marat"]
[Site "St. Petersburg"]
[Round "13.74"]
[Annotator "ChessBase"]
[Result "1-0"]
[Date "2018.12.28"]
[WhiteElo "2629"]
[BlackElo "2505"]
[PlyCount "85"]
[TimeControl "900+10"]

1. e4 {[%emt 0:0:0]} c5 {[%emt 0:0:0]} 2. Nf3 {[%emt 0:0:0]} d6 {[%emt 0:0:0]} 3. d4 {[%emt 0:0:7]} cxd4 {[%emt 0:0:0]} 4. Nxd4 {[%emt 0:0:7]} Nf6 {[%emt 0:0:1]} 5. Nc3 {[%emt 0:0:6]} a6 {[%emt 0:0:1]} 6. g3 {[%emt 0:0:13]
} e5 {[%emt 0:0:6]} 7. Nde2 {[%emt 0:0:5]} Be7 {[%emt 0:0:0]} 8. Bg2 {[%emt 0:0:6]} Nbd7 {[%emt 0:0:23]} 9. a4 {[%emt 0:0:33]} 0-0 {[%emt 0:0:14]
} 10. h3 {[%emt 0:1:2]} Nb6 {[%emt 0:0:15]} 11. b3 {[%emt 0:0:0]} Be6 {[%emt 0:0:3]} 12. a5 {[%emt 0:0:29]} Nbd7 {[%emt 0:0:32]} 13. 0-0 {[%emt 0:0:53]} Nb8 {[%emt 0:2:53]} 14. Nd5 {[%emt 0:0:48]} Nc6 {[%emt 0:0:49]
} 15. Nxe7+ {[%emt 0:0:14]} Qxe7 {[%emt 0:0:1]} 16. Be3 {[%emt 0:0:41]
} Qd7 {[%emt 0:2:26]} 17. g4 {[%emt 0:0:19]} d5 {[%emt 0:0:13]
} 18. exd5 {[%emt 0:0:8]} Nxd5 {[%emt 0:0:18]} 19. Bc5 {[%emt 0:0:14]} Rfd8 {[%emt 0:0:54]} 20. c4 {[%emt 0:0:7]} Ndb4 {[%emt 0:0:11]} 21. Bb6 {[%emt 0:0:14]
} Qe7 {[%emt 0:1:17]} 22. Qb1 {[%emt 0:0:43]} h5 {[%emt 0:0:0]} 23. Bxd8 {[%emt 0:1:33]} Rxd8 {[%emt 0:0:3]} 24. Qe4 {[%emt 0:0:3]} hxg4 {[%emt 0:0:36]} 25. hxg4 {[%emt 0:0:3]} Rd3 {[%emt 0:1:3]} 26. Rfd1 {[%emt 0:1:25]
} Rxb3 {[%emt 0:0:33]} 27. Rab1 {[%emt 0:0:6]} Rxb1 {[%emt 0:0:0]} 28. Rxb1 {[%emt 0:0:8]} Qc5 {[%emt 0:0:24]} 29. Ng3 {[%emt 0:1:10]} Qxa5 {[%emt 0:0:30]} 30. Qe3 {[%emt 0:0:52]} Qa2 {[%emt 0:1:30]} 31. Be4 {[%emt 0:0:44]
} Nc2 {[%emt 0:1:25]} 32. Qc1 {[%emt 0:0:31]} N2d4 {[%emt 0:0:0]} 33. Rxb7 {[%emt 0:0:17]} g6 {[%emt 0:1:47]} 34. Rb6 {[%emt 0:1:17]} Qa5 {[%emt 0:0:20]} 35. c5 {[%emt 0:0:31]} Kg7 {[%emt 0:0:6]} 36. Bxc6 {[%emt 0:0:18]
} Nb3 {[%emt 0:0:15]} 37. Rxb3 {[%emt 0:1:34]} Bxb3 {[%emt 0:0:0]} 38. Bf3 {[%emt 0:0:19]} Be6 {[%emt 0:0:16]} 39. c6 {[%emt 0:0:23]} Qc7 {[%emt 0:0:0]} 40. g5 {[%emt 0:0:30]} a5 {[%emt 0:0:4]} 41. Qc2 {[%emt 0:0:18]
} Qe7 {[%emt 0:0:28]} 42. Ne4 {[%emt 0:0:24]} Bf5 {[%emt 0:0:0]} 43. c7 {[%emt 0:0:6]} 1-0

[Event "FIDE World Rapid-ch Open 2018"]
[White "Iljiushenok, Ilia"]
[Black "Maghsoodloo, Parham"]
[Site "St. Petersburg"]
[Round "13.75"]
[Annotator "ChessBase"]
[Result "0-1"]
[Date "2018.12.28"]
[WhiteElo "2533"]
[BlackElo "2688"]
[PlyCount "82"]
[TimeControl "900+10"]

1. e4 {[%emt 0:0:0]} Nf6 {[%emt 0:0:0]} 2. e5 {[%emt 0:0:0]} Nd5 {[%emt 0:0:0]
} 3. d4 {[%emt 0:0:0]} d6 {[%emt 0:0:0]} 4. Nf3 {[%emt 0:0:0]} Bg4 {[%emt 0:0:0]} 5. h3 {[%emt 0:0:0]} Bh5 {[%emt 0:0:0]} 6. g4 {[%emt 0:0:2]
} Bg6 {[%emt 0:0:0]} 7. e6 {[%emt 0:0:1]} fxe6 {[%emt 0:0:0]} 8. Bg2 {[%emt 0:0:2]} c6 {[%emt 0:0:25]} 9. 0-0 {[%emt 0:0:18]} h6 {[%emt 0:0:23]
} 10. c4 {[%emt 0:0:7]} Nc7 {[%emt 0:0:3]} 11. Nc3 {[%emt 0:0:0]} Nd7 {[%emt 0:0:3]} 12. Re1 {[%emt 0:0:50]} Bf7 {[%emt 0:0:2]} 13. Qb3 {[%emt 0:2:17]} Rb8 {[%emt 0:0:10]} 14. Be3 {[%emt 0:0:52]} a6 {[%emt 0:0:0]} 15. Qc2 {[%emt 0:2:16]} g5 {[%emt 0:0:28]} 16. Rad1 {[%emt 0:1:31]} Bg7 {[%emt 0:0:2]} 17. Ne4 {[%emt 0:0:12]} Nf6 {[%emt 0:0:21]} 18. Ng3 {[%emt 0:0:11]
} 0-0 {[%emt 0:0:23]} 19. b3 {[%emt 0:2:53]} Qe8 {[%emt 0:0:0]} 20. Qd2 {[%emt 0:0:1]} Bg6 {[%emt 0:0:7]} 21. Nh2 {[%emt 0:0:11]} Qf7 {[%emt 0:0:53]} 22. Rf1 {[%emt 0:0:19]} e5 {[%emt 0:0:2]} 23. dxe5 {[%emt 0:0:13]
} dxe5 {[%emt 0:0:1]} 24. Nf3 {[%emt 0:0:10]} Nfe8 {[%emt 0:0:0]} 25. Qa5 {[%emt 0:1:10]} Qf6 {[%emt 0:0:53]} 26. Nd2 {[%emt 0:2:52]} Ne6 {[%emt 0:0:2]} 27. Nde4 {[%emt 0:0:3]} Qf7 {[%emt 0:0:2]} 28. Kh2 {[%emt 0:1:6]
} Nd4 {[%emt 0:0:26]} 29. Kh1 {[%emt 0:0:54]} Nd6 {[%emt 0:0:0]} 30. Nc3 {[%emt 0:0:50]} Kh8 {[%emt 0:0:31]} 31. c5 {[%emt 0:0:1]} Ne8 {[%emt 0:0:13]} 32. Qb6 {[%emt 0:0:28]} Nf6 {[%emt 0:0:12]} 33. Qc7 {[%emt 0:0:20]
} Ne6 {[%emt 0:0:43]} 34. Qb6 {[%emt 0:0:6]} Nf4 {[%emt 0:0:0]} 35. Bxf4 {[%emt 0:0:14]} exf4 {[%emt 0:0:21]} 36. Nf5 {[%emt 0:0:1]} Bxf5 {[%emt 0:0:18]} 37. gxf5 {[%emt 0:0:1]} g4 {[%emt 0:0:1]} 38. Qb4 {[%emt 0:0:6]
} f3 {[%emt 0:0:8]} 39. hxg4 {[%emt 0:0:10]} fxg2+ {[%emt 0:0:0]} 40. Kxg2 {[%emt 0:0:1]} Nxg4 {[%emt 0:0:2]} 41. Qxg4 {[%emt 0:0:0]} Rg8 {[%emt 0:0:9]} 0-1

[Event "FIDE World Rapid-ch Open 2018"]
[White "Lintchevski, Daniil"]
[Black "Usmanov, Vasily"]
[Site "St. Petersburg"]
[Round "13.76"]
[Annotator "ChessBase"]
[Result "0-1"]
[Date "2018.12.28"]
[WhiteElo "2516"]
[BlackElo "2450"]
[PlyCount "102"]
[TimeControl "900+10"]

1. e4 {[%emt 0:0:0]} e6 {[%emt 0:0:0]} 2. d4 {[%emt 0:0:0]} d5 {[%emt 0:0:0]} 3. exd5 {[%emt 0:0:3]} exd5 {[%emt 0:0:0]} 4. Nf3 {[%emt 0:0:3]} Nf6 {[%emt 0:0:0]} 5. Bd3 {[%emt 0:0:3]} c5 {[%emt 0:0:0]} 6. dxc5 {[%emt 0:0:25]
} Bxc5 {[%emt 0:0:0]} 7. 0-0 {[%emt 0:0:4]} 0-0 {[%emt 0:0:0]} 8. Nc3 {[%emt 0:0:6]} Nc6 {[%emt 0:0:14]} 9. Bg5 {[%emt 0:0:14]} h6 {[%emt 0:0:17]
} 10. Bh4 {[%emt 0:0:30]} Re8 {[%emt 0:1:25]} 11. Bxf6 {[%emt 0:0:41]
} Qxf6 {[%emt 0:0:4]} 12. Nxd5 {[%emt 0:0:2]} Qd6 {[%emt 0:0:0]} 13. Nc3 {[%emt 0:1:1]} Bg4 {[%emt 0:1:38]} 14. Ne4 {[%emt 0:0:21]} Qf8 {[%emt 0:0:24]} 15. h3 {[%emt 0:0:34]} Bh5 {[%emt 0:0:4]} 16. Ng3 {[%emt 0:0:12]
} Bxf3 {[%emt 0:0:14]} 17. Qxf3 {[%emt 0:0:3]} Ne5 {[%emt 0:0:0]} 18. Qxb7 {[%emt 0:1:4]} Nxd3 {[%emt 0:0:30]} 19. cxd3 {[%emt 0:0:0]} Rab8 {[%emt 0:0:1]} 20. Qd5 {[%emt 0:0:21]} Rxb2 {[%emt 0:0:37]} 21. Ne4 {[%emt 0:0:6]} Bb6 {[%emt 0:0:17]} 22. Rab1 {[%emt 0:0:37]} Rxb1 {[%emt 0:2:52]
} 23. Rxb1 {[%emt 0:0:2]} Rd8 {[%emt 0:0:0]} 24. Qc4 {[%emt 0:2:3]
} Kh8 {[%emt 0:2:39]} 25. Rb5 {[%emt 0:1:41]} f5 {[%emt 0:0:0]} 26. Ng3 {[%emt 0:0:56]} f4 {[%emt 0:0:58]} 27. Nf5 {[%emt 0:1:53]} f3 {[%emt 0:1:34]
} 28. gxf3 {[%emt 0:2:16]} Qe8 {[%emt 0:0:46]} 29. Kg2 {[%emt 0:1:51]
} Qe2 {[%emt 0:0:44]} 30. Qh4 {[%emt 0:0:17]} Rxd3 {[%emt 0:0:0]} 31. Qg3 {[%emt 0:0:4]} Rd7 {[%emt 0:1:3]} 32. Re5 {[%emt 0:0:54]} Qxa2 {[%emt 0:0:11]} 33. Ne3 {[%emt 0:0:41]} Kh7 {[%emt 0:0:28]} 34. Qg4 {[%emt 0:0:11]
} Rd6 {[%emt 0:0:46]} 35. Qe4+ {[%emt 0:0:17]} Rg6+ {[%emt 0:0:0]} 36. Kf1 {[%emt 0:0:1]} Bxe3 {[%emt 0:0:58]} 37. fxe3 {[%emt 0:0:9]
} Qg2+ {[%emt 0:0:2]} 38. Ke1 {[%emt 0:0:1]} Qxh3 {[%emt 0:0:8]} 39. Kd2 {[%emt 0:0:10]} Qd7+ {[%emt 0:0:13]} 40. Ke2 {[%emt 0:0:5]} Qc6 {[%emt 0:0:0]} 41. Qf5 {[%emt 0:0:21]} Kg8 {[%emt 0:0:13]} 42. Kf2 {[%emt 0:0:29]} Rf6 {[%emt 0:0:20]} 43. Qe4 {[%emt 0:0:1]} Qxe4 {[%emt 0:0:10]} 44. Rxe4 {[%emt 0:0:1]
} a5 {[%emt 0:0:8]} 45. Re8+ {[%emt 0:0:1]} Rf8 {[%emt 0:0:0]} 46. Re4 {[%emt 0:0:5]} Ra8 {[%emt 0:0:1]} 47. Ra4 {[%emt 0:0:1]} Kf7 {[%emt 0:0:2]} 48. e4 {[%emt 0:0:0]} g5 {[%emt 0:0:10]} 49. Ke3 {[%emt 0:0:0]} Ke6 {[%emt 0:0:2]} 50. Kd4 {[%emt 0:0:18]} h5 {[%emt 0:0:5]} 51. Ra1 {[%emt 0:0:2]} a4 {[%emt 0:0:2]} 0-1

[Event "FIDE World Rapid-ch Open 2018"]
[White "Anikonov, Dmitry"]
[Black "Gareyev, Timur"]
[Site "St. Petersburg"]
[Round "13.77"]
[Annotator "ChessBase"]
[Result "1/2-1/2"]
[Date "2018.12.28"]
[WhiteElo "2371"]
[BlackElo "2569"]
[PlyCount "71"]
[TimeControl "900+10"]

1. d4 {[%emt 0:0:0]} Nf6 {[%emt 0:2:14]} 2. c4 {[%emt 0:0:0]} e6 {[%emt 0:0:0]} 3. g3 {[%emt 0:0:0]} Bb4+ {[%emt 0:0:2]} 4. Bd2 {[%emt 0:0:0]} a5 {[%emt 0:0:1]} 5. Bg2 {[%emt 0:0:7]} 0-0 {[%emt 0:0:3]} 6. Nf3 {[%emt 0:0:0]} b6 {[%emt 0:0:3]} 7. Ne5 {[%emt 0:0:25]} Ra7 {[%emt 0:0:33]} 8. 0-0 {[%emt 0:0:43]} Bb7 {[%emt 0:0:10]} 9. Nd3 {[%emt 0:0:53]} Be7 {[%emt 0:0:0]} 10. Nc3 {[%emt 0:0:12]} Bxg2 {[%emt 0:0:6]} 11. Kxg2 {[%emt 0:0:1]} d5 {[%emt 0:0:36]} 12. cxd5 {[%emt 0:0:15]} Nxd5 {[%emt 0:0:15]} 13. e4 {[%emt 0:0:23]
} Nxc3 {[%emt 0:0:20]} 14. bxc3 {[%emt 0:0:13]} a4 {[%emt 0:0:0]} 15. Be3 {[%emt 0:0:12]} Nc6 {[%emt 0:0:8]} 16. Qc2 {[%emt 0:0:40]} Qa8 {[%emt 0:0:57]} 17. f3 {[%emt 0:0:4]} Rd8 {[%emt 0:0:2]} 18. Rf2 {[%emt 0:0:0]} Ra5 {[%emt 0:0:19]} 19. Nf4 {[%emt 0:1:48]} e5 {[%emt 0:1:25]} 20. Nd5 {[%emt 0:0:22]} Bd6 {[%emt 0:0:6]} 21. Qe2 {[%emt 0:1:35]} exd4 {[%emt 0:0:14]
} 22. cxd4 {[%emt 0:0:12]} Rxd5 {[%emt 0:0:2]} 23. exd5 {[%emt 0:0:4]
} Nb4 {[%emt 0:0:4]} 24. Bd2 {[%emt 0:2:50]} Nxd5 {[%emt 0:0:0]} 25. Re1 {[%emt 0:0:7]} h6 {[%emt 0:0:27]} 26. Qe4 {[%emt 0:0:21]} b5 {[%emt 0:0:6]
} 27. Rfe2 {[%emt 0:0:52]} b4 {[%emt 0:0:26]} 28. Qd3 {[%emt 0:0:0]} Rb8 {[%emt 0:0:35]} 29. Rb1 {[%emt 0:0:12]} Qc6 {[%emt 0:0:15]} 30. Rc1 {[%emt 0:0:20]} Qd7 {[%emt 0:0:28]} 31. Qc4 {[%emt 0:0:16]} Nb6 {[%emt 0:1:14]
} 32. Qd3 {[%emt 0:0:12]} Rd8 {[%emt 0:0:42]} 33. Rb1 {[%emt 0:0:0]} Nd5 {[%emt 0:0:5]} 34. Qc4 {[%emt 0:0:6]} Nb6 {[%emt 0:0:19]} 35. Qd3 {[%emt 0:0:6]} Nd5 {[%emt 0:0:27]} 36. Qc4 {[%emt 0:0:2]} 1/2-1/2

[Event "FIDE World Rapid-ch Open 2018"]
[White "Rechlis, Gad"]
[Black "Kobo, Ori"]
[Site "St. Petersburg"]
[Round "13.78"]
[Annotator "ChessBase"]
[Result "1/2-1/2"]
[Date "2018.12.28"]
[WhiteElo "2521"]
[BlackElo "2494"]
[PlyCount "118"]
[TimeControl "900+10"]

1. e4 {[%emt 0:0:0]} g6 {[%emt 0:0:0]} 2. d4 {[%emt 0:0:12]} Bg7 {[%emt 0:0:0]} 3. Be3 {[%emt 0:0:19]} c5 {[%emt 0:0:30]} 4. Nc3 {[%emt 0:0:45]} cxd4 {[%emt 0:0:47]} 5. Bxd4 {[%emt 0:0:1]} Nf6 {[%emt 0:2:6]} 6. e5 {[%emt 0:4:39]
} Nh5 {[%emt 0:0:4]} 7. Qd2 {[%emt 0:0:10]} d6 {[%emt 0:1:56]
} 8. exd6 {[%emt 0:0:9]} Qxd6 {[%emt 0:0:16]} 9. Nb5 {[%emt 0:0:9]} Qc6 {[%emt 0:1:9]
} 10. Nf3 {[%emt 0:2:12]} 0-0 {[%emt 0:0:11]} 11. Bxg7 {[%emt 0:0:7]
} Nxg7 {[%emt 0:0:23]} 12. 0-0-0 {[%emt 0:0:5]} Nd7 {[%emt 0:0:0]} 13. Qb4 {[%emt 0:1:32]} Nc5 {[%emt 0:1:42]} 14. Ne5 {[%emt 0:1:55]} Qb6 {[%emt 0:0:1]} 15. a3 {[%emt 0:0:35]} Be6 {[%emt 0:1:4]} 16. Nd4 {[%emt 0:0:36]
} Qxb4 {[%emt 0:1:39]} 17. axb4 {[%emt 0:0:1]} Ne4 {[%emt 0:0:0]} 18. Nxe6 {[%emt 0:1:40]} fxe6 {[%emt 0:0:22]} 19. Nd3 {[%emt 0:1:37]
} Nxf2 {[%emt 0:0:40]} 20. Nxf2 {[%emt 0:0:2]} Rxf2 {[%emt 0:0:1]} 21. Rd7 {[%emt 0:0:1]} Nf5 {[%emt 0:1:6]} 22. Bc4 {[%emt 0:0:41]} Ne3 {[%emt 0:0:0]} 23. Bxe6+ {[%emt 0:0:17]} Kf8 {[%emt 0:0:1]} 24. Bb3 {[%emt 0:0:28]} a5 {[%emt 0:0:28]} 25. bxa5 {[%emt 0:0:26]} Rxa5 {[%emt 0:0:4]} 26. Kb1 {[%emt 0:0:4]
} Rxg2 {[%emt 0:1:1]} 27. Rxb7 {[%emt 0:0:10]} Rf2 {[%emt 0:0:0]} 28. h4 {[%emt 0:0:7]} Nf1 {[%emt 0:0:7]} 29. Ba2 {[%emt 0:0:23]} Rc5 {[%emt 0:0:22]} 30. c3 {[%emt 0:0:10]} Re5 {[%emt 0:0:15]} 31. Bb3 {[%emt 0:0:19]
} Nd2+ {[%emt 0:0:28]} 32. Kc1 {[%emt 0:0:5]} Ra5 {[%emt 0:0:0]} 33. Kc2 {[%emt 0:0:11]} Ne4+ {[%emt 0:0:14]} 34. Kb1 {[%emt 0:0:2]} Nd2+ {[%emt 0:0:3]} 35. Kc2 {[%emt 0:0:1]} Nc4+ {[%emt 0:0:13]} 36. Kd3 {[%emt 0:0:13]
} Ne5+ {[%emt 0:0:15]} 37. Ke3 {[%emt 0:0:9]} Ng4+ {[%emt 0:0:0]} 38. Kd3 {[%emt 0:0:4]} Rxb2 {[%emt 0:0:7]} 39. Rf1+ {[%emt 0:0:1]
} Nf6 {[%emt 0:0:15]} 40. Re1 {[%emt 0:0:10]} Ra3 {[%emt 0:0:20]} 41. Rexe7 {[%emt 0:0:28]} Rbxb3 {[%emt 0:0:4]} 42. Rf7+ {[%emt 0:0:2]} Ke8 {[%emt 0:0:0]} 43. Rxb3 {[%emt 0:0:1]} Rxb3 {[%emt 0:0:1]} 44. Rxf6 {[%emt 0:0:0]} Rb1 {[%emt 0:0:10]} 45. Kd4 {[%emt 0:0:14]} Rh1 {[%emt 0:0:11]} 46. Rf4 {[%emt 0:0:1]} Ke7 {[%emt 0:0:10]} 47. Kd5 {[%emt 0:0:7]} h6 {[%emt 0:0:0]} 48. Rg4 {[%emt 0:0:11]} Kf6 {[%emt 0:0:7]} 49. Rf4+ {[%emt 0:0:2]} Ke7 {[%emt 0:0:1]} 50. c4 {[%emt 0:0:3]} Rd1+ {[%emt 0:0:24]} 51. Kc6 {[%emt 0:0:22]
} g5 {[%emt 0:0:12]} 52. hxg5 {[%emt 0:0:3]} hxg5 {[%emt 0:0:0]} 53. Rf5 {[%emt 0:0:17]} g4 {[%emt 0:0:9]} 54. c5 {[%emt 0:0:7]} Ke6 {[%emt 0:0:20]
} 55. Rg5 {[%emt 0:0:2]} Rd4 {[%emt 0:0:2]} 56. Kb7 {[%emt 0:0:0]} Kf6 {[%emt 0:0:5]} 57. Rg8 {[%emt 0:0:4]} Rb4+ {[%emt 0:0:9]} 58. Ka6 {[%emt 0:0:16]} Kf5 {[%emt 0:0:10]} 59. c6 {[%emt 0:0:5]} Rc4 {[%emt 0:0:0]} 1/2-1/2

[Event "FIDE World Rapid-ch Open 2018"]
[White "Hirneise, Jens"]
[Black "Geller, Jakov"]
[Site "St. Petersburg"]
[Round "13.79"]
[Annotator "ChessBase"]
[Result "1/2-1/2"]
[Date "2018.12.28"]
[WhiteElo "2371"]
[BlackElo "2518"]
[PlyCount "116"]
[TimeControl "900+10"]

1. e4 {[%emt 0:0:0]} c5 {[%emt 0:0:0]} 2. Nf3 {[%emt 0:0:3]} e6 {[%emt 0:0:0]} 3. d4 {[%emt 0:0:0]} cxd4 {[%emt 0:0:0]} 4. Nxd4 {[%emt 0:0:0]} a6 {[%emt 0:0:0]} 5. Nc3 {[%emt 0:0:0]} Qc7 {[%emt 0:0:2]} 6. Bd3 {[%emt 0:0:0]
} Nf6 {[%emt 0:0:2]} 7. f4 {[%emt 0:0:0]} d6 {[%emt 0:0:2]} 8. Qf3 {[%emt 0:0:14]} b5 {[%emt 0:0:18]} 9. Be3 {[%emt 0:0:36]} Bb7 {[%emt 0:0:7]
} 10. g4 {[%emt 0:0:47]} b4 {[%emt 0:1:29]} 11. Nce2 {[%emt 0:0:0]} h6 {[%emt 0:2:12]} 12. g5 {[%emt 0:1:53]} hxg5 {[%emt 0:0:22]} 13. fxg5 {[%emt 0:0:2]} Nfd7 {[%emt 0:0:2]} 14. g6 {[%emt 0:0:18]} Ne5 {[%emt 0:0:2]
} 15. gxf7+ {[%emt 0:0:10]} Qxf7 {[%emt 0:0:15]} 16. Qxf7+ {[%emt 0:1:53]
} Kxf7 {[%emt 0:0:5]} 17. 0-0+ {[%emt 0:0:8]} Ke7 {[%emt 0:0:0]} 18. Bg5+ {[%emt 0:0:12]} Kd7 {[%emt 0:0:2]} 19. Nf4 {[%emt 0:0:22]} Nbc6 {[%emt 0:0:11]} 20. Ndxe6 {[%emt 0:3:51]} Be7 {[%emt 0:0:14]} 21. Bxe7 {[%emt 0:1:25]} Nxe7 {[%emt 0:0:5]} 22. Ng5 {[%emt 0:0:33]} Rh4 {[%emt 0:0:0]} 23. h3 {[%emt 0:0:13]} Rf8 {[%emt 0:1:8]} 24. Nfe6 {[%emt 0:0:15]} Rf6 {[%emt 0:0:25]} 25. Nf8+ {[%emt 0:1:16]} Kc6 {[%emt 0:0:58]} 26. Kg2 {[%emt 0:0:40]
} Rh5 {[%emt 0:3:18]} 27. Nge6 {[%emt 0:0:35]} Rfh6 {[%emt 0:0:0]} 28. Nd4+ {[%emt 0:2:1]} Kb6 {[%emt 0:0:15]} 29. Nf3 {[%emt 0:1:4]} N7g6 {[%emt 0:1:1]} 30. Nxg6 {[%emt 0:0:23]} Rxg6+ {[%emt 0:1:29]} 31. Kf2 {[%emt 0:0:6]} Nxf3 {[%emt 0:1:12]} 32. Kxf3 {[%emt 0:0:1]} Rxh3+ {[%emt 0:0:3]
} 33. Ke2 {[%emt 0:0:41]} Re6 {[%emt 0:1:10]} 34. Rf4 {[%emt 0:0:0]} d5 {[%emt 0:0:8]} 35. Rg1 {[%emt 0:0:7]} dxe4 {[%emt 0:0:5]} 36. Bc4 {[%emt 0:0:12]} Re7 {[%emt 0:0:14]} 37. Rf5 {[%emt 0:0:26]} e3 {[%emt 0:0:0]} 38. Rg6+ {[%emt 0:0:4]} Ka7 {[%emt 0:0:9]} 39. Re6 {[%emt 0:0:13]} Rxe6 {[%emt 0:1:8]} 40. Bxe6 {[%emt 0:0:1]} Rh2+ {[%emt 0:0:7]} 41. Kxe3 {[%emt 0:0:5]} Rxc2 {[%emt 0:0:1]} 42. Rf7 {[%emt 0:0:15]} Kb6 {[%emt 0:0:0]} 43. Rxg7 {[%emt 0:0:12]} Rxb2 {[%emt 0:0:2]} 44. Kd4 {[%emt 0:0:11]
} Bc6 {[%emt 0:0:8]} 45. Rg6 {[%emt 0:0:18]} a5 {[%emt 0:0:46]} 46. Bc4 {[%emt 0:0:15]
} Rd2+ {[%emt 0:0:16]} 47. Ke3 {[%emt 0:0:3]} Rc2 {[%emt 0:0:0]} 48. Bd5 {[%emt 0:0:15]} Kb5 {[%emt 0:0:9]} 49. Bb3 {[%emt 0:0:12]} Rc3+ {[%emt 0:0:5]} 50. Kd2 {[%emt 0:0:3]} a4 {[%emt 0:0:8]} 51. Rg5+ {[%emt 0:0:2]
} Kb6 {[%emt 0:0:6]} 52. Bc2 {[%emt 0:0:8]} Kc7 {[%emt 0:0:0]} 53. Rg4 {[%emt 0:0:16]} Ra3 {[%emt 0:0:10]} 54. Rxb4 {[%emt 0:0:3]} Rxa2 {[%emt 0:0:1]} 55. Kc1 {[%emt 0:0:14]} Ra3 {[%emt 0:0:17]} 56. Kb2 {[%emt 0:0:3]
} Re3 {[%emt 0:0:2]} 57. Bxa4 {[%emt 0:0:2]} Bxa4 {[%emt 0:0:0]} 58. Rxa4 {[%emt 0:0:0]} Kb6 {[%emt 0:0:2]} 1/2-1/2